Mã Vân giày vải Và 27 cột mốc khởi nghiệp của cha đẻ đế chế Alibaba

Giới thiệu lịch sử hình thành và phát triển của tập đoàn thương mại điện tử hàng đầu của Trung Quốc Alibaba, qua đó khắc họa quá trình lập nghiệp của nhà sáng lập tập đoàn Mã Vân

שמור ב:
מידע ביבליוגרפי
מחבר ראשי: Vương, Lợi Phân
מחברים אחרים: Lý Tường
פורמט: ספר
שפה:Undetermined
יצא לאור: H. Đại học Kinh tế Quốc dân; Công ty Sách Alpha 2015
נושאים:
גישה מקוונת:http://lrc.tdmu.edu.vn/opac/search/detail.asp?aID=2&ID=25748
תגים: הוספת תג
אין תגיות, היה/י הראשונ/ה לתייג את הרשומה!
Thư viện lưu trữ: Trung tâm Học liệu Trường Đại học Thủ Dầu Một
LEADER 01185nam a2200229Ia 4500
001 TDMU_25748
008 210410s9999 xx 000 0 und d
082 |a 381.14206551 
090 |b V561 
100 |a Vương, Lợi Phân 
245 0 |a Mã Vân giày vải 
245 0 |b Và 27 cột mốc khởi nghiệp của cha đẻ đế chế Alibaba 
245 0 |c Vương Lợi Phân, Lý Tường ; Hà Thị Thu Lý (dịch) 
260 |a H. 
260 |b Đại học Kinh tế Quốc dân; Công ty Sách Alpha 
260 |c 2015 
300 |a 447tr. 
520 |a Giới thiệu lịch sử hình thành và phát triển của tập đoàn thương mại điện tử hàng đầu của Trung Quốc Alibaba, qua đó khắc họa quá trình lập nghiệp của nhà sáng lập tập đoàn Mã Vân 
650 |a Thương mại điện tử  |x Công ti Alibaba; Mã Vân  |x Doanh nhân  |y 1964  |z Trung Quốc 
700 |a Lý Tường 
856 |u http://lrc.tdmu.edu.vn/opac/search/detail.asp?aID=2&ID=25748 
980 |a Trung tâm Học liệu Trường Đại học Thủ Dầu Một